000 00698nam a2200289Ia 4500
005 20260324140133.0
008 008 260324s9999 xx 000 0 eng d
020 _a9780429182129
037 _aEBOOK
040 _aCRL
040 _beng
040 _cCRL
041 _2eng
041 _aeng
084 _qCRL
100 _aBruce Gittings
_91203270
245 0 _aInnovations in GIS 6
245 0 _bIntegrating Information Infrastructures with GI Technology
260 _bTaylor and Francis
260 _c1999
365 _a
365 _b480
856 _uhttp://www.taylorfrancis.com/books/9780429182129
942 _cEBOOK
999 _c1805003
_d1805003